Társadalombiztosítási és családtámogatási kifizetőhelyek működése és jelentősége kiemelten az egészségbiztosítási szakterületre

Elmentve itt :
Bibliográfiai részletek
Szerző: Golhovics Gáborné
További közreműködők: Temesvári Józsefné (Témavezető)
Dokumentumtípus: Szakdolgozat
Megjelent: 2005
Tárgyszavak:
Online Access:http://diploma.bibl.u-szeged.hu/28811
LEADER 00677nta a2200157 i 4500
001 dipl28811
005 20130314085906.0
008 110818s2005 hu om 0|| zxx d
040 |a SZTE Diploma Repozitórium  |b hun 
041 |a zxx 
100 1 |a Golhovics Gáborné 
245 1 0 |a Társadalombiztosítási és családtámogatási kifizetőhelyek működése és jelentősége kiemelten az egészségbiztosítási szakterületre  |h [elektronikus dokumentum] /  |c Gáborné Golhovics 
260 |c 2005 
650 4 |a Jogi és igazgatási tanulmányok 
700 1 |a Temesvári Józsefné  |e ths 
856 4 0 |u http://diploma.bibl.u-szeged.hu/id/eprint/28811/1/2005_golhovics_gaborne.pdf  |z Dokumentum-elérés